Zimowe Igrzyska Olimpijskie 2006 - reprezentacja Polski - Statystyki

Ogólne statystyki
  • Ten quiz został rozwiązany 2 razy
  • Średni wynik to 5 z 45
Statystyki odpowiedzi
Dyscyplina Sportowiec % Poprawnych
skoki narciarskie Adam Małysz
100%
biegi narciarskie Justyna Kowalczyk
100%
skoki narciarskie Kamil Stoch
50%
biathlon Krystyna Pałka
50%
biathlon Magdalena Gwizdoń
50%
skoki narciarskie Stefan Hula
50%
biathlon Tomasz Sikora
50%
łyżwiarstwo figurowe Aleksandra Kauc
0%
łyżwiarstwo szybkie Artur Waś
0%
snowboarding Blanka Isielonis
0%
narciarstwo alpejskie Dagmara Krzyżyńska
0%
short track Dariusz Kulesza
0%
bobsleje Dawid Kupczyk
0%
łyżwiarstwo figurowe Dorota Zagórska
0%
saneczkarstwo Ewelina Staszulonek
0%
biathlon Grzegorz Bodziana
0%
snowboarding Jagna Marczułajtis
0%
biegi narciarskie Janusz Krężelok
0%
narciarstwo alpejskie Katarzyna Karasińska
0%
biathlon Katarzyna Ponikwia
0%
łyżwiarstwo szybkie Katarzyna Wójcicka
0%
łyżwiarstwo szybkie Konrad Niedźwiedzki
0%
saneczkarstwo Krzysztof Lipiński
0%
biathlon Krzysztof Pływaczyk
0%
biegi narciarskie Maciej Kreczmer
0%
łyżwiarstwo szybkie Maciej Ustynowicz
0%
biathlon Magdalena Grzywa
0%
biathlon Magdalena Nykiel
0%
saneczkarstwo Marcin Piekarski
0%
bobsleje Marcin Płacheta
0%
bobsleje Mariusz Latkowski
0%
łyżwiarstwo figurowe Mariusz Siudek
0%
snowboarding Mateusz Ligocki
0%
narciarstwo alpejskie Michał Kałwa
0%
snowboarding Michał Ligocki
0%
biathlon Michał Piecha
0%
bobsleje Michał Zblewski
0%
łyżwiarstwo figurowe Michał Zych
0%
skeleton Monika Wołowiec
0%
snowboarding Paulina Ligocka
0%
łyżwiarstwo szybkie Paweł Zygmunt
0%
snowboarding Rafał Skarbek-Malczewski
0%
skoki narciarskie Rafał Śliż
0%
skoki narciarskie Robert Mateja
0%
biathlon Wiesław Ziemianin
0%
Nie znaleziono quizów pasujących do podanych kryteriów
Rozkład punktacji
Procent ludzi z każdym wynikiem
Percentyl według liczby udzielonych odpowiedzi
Twoja historia wyników
Nie rozwiązałeś tego quizu